000 00619nam a2200181Ia 4500
008 151202s9999||||xx |||||||||||||| ||und||
082 _bPNVM-81922
100 _aभोसले राजन.
245 _aअथातो कामजिज्ञासा.
260 _b"मनोविकास प्रकाशन,पुणे."
260 _c2010
300 _a254
600 _aभोसले राजन.
630 _aअथातो कामजिज्ञासा.
700 _aभोसले राजन.
730 _aअथातो कामजिज्ञासा.
942 _cBOOK
999 _c1346530
_d1346527